Случайная столица и государство - Statistics

General Stats
  • This quiz has been taken 28 076 times
  • The average score is 10 of 20
Answer Stats
Столица Государство % Correct
Рим Италия
93%
Москва Россия
93%
Пекин Китай
92%
Токио Япония
92%
Париж Франция
91%
Берлин Германия
91%
Киев Украина
91%
Лондон Великобритания
91%
Минск Беларусь
90%
Афины Греция
90%
Варшава Польша
90%
Мадрид Испания
90%
Бразилиа Бразилия
89%
Мехико Мексика
89%
Вашингтон Соединённые Штаты Америки
89%
Сеул Южная Корея
88%
Нур-Султан (Астана) Казахстан
87%
Люксембург Люксембург
86%
Монако Монако
85%
Алжир Алжир
84%
Хельсинки Финляндия
84%
Тбилиси Грузия
84%
Осло Норвегия
84%
Ватикан Ватикан
84%
Ереван Армения
83%
Прага Чехия
83%
Каир Египет
83%
Нью-Дели Индия
83%
Иерусалим Израиль
83%
Сингапур Сингапур
83%
Абу-Даби Объединённые Арабские Эмираты
83%
Вена Австрия
82%
Оттава Канада
82%
Стокгольм Швеция
82%
Баку Азербайджан
81%
Кишинёв Молдавия
81%
Амстердам Нидерланды
81%
Лиссабон Португалия
81%
Анкара Турция
81%
Ташкент Узбекистан
81%
София Болгария
80%
Сан-Марино Сан-Марино
80%
Белград Сербия
80%
Панама Панама
79%
Брюссель Бельгия
78%
Рига Латвия
78%
Тунис Тунис
78%
Таллин Эстония
77%
Дублин Ирландия
77%
Буэнос-Айрес Аргентина
76%
Копенгаген Дания
76%
Будапешт Венгрия
76%
Бишкек Киргизия
76%
Вильнюс Литва
76%
Улан-Батор Монголия
76%
Рейкьявик Исландия
75%
Тегеран Иран
74%
Братислава Словакия
73%
Канберра Австралия
72%
Бухарест Румыния
72%
Эль-Кувейт Кувейт
71%
Бангкок Таиланд
71%
Берн Швейцария
70%
Андорра-ла-Велья Андорра
69%
Любляна Словения
69%
Душанбе Таджикистан
69%
Загреб Хорватия
68%
Гватемала Гватемала
68%
Багдад Ирак
68%
Сан-Сальвадор Сальвадор
67%
Пхеньян Корейская Народно-Демократическая Республика
67%
Сараево Босния и Герцеговина
66%
Подгорица Черногория
63%
Кабул Афганистан
61%
Дамаск Сирия
61%
Тирана Албания
60%
Исламабад Пакистан
59%
Эр-Рияд Саудовская Аравия
59%
Ашхабад Туркменистан
59%
Джакарта Индонезия
57%
Сантьяго Чили
56%
Джибути Джибути
56%
Скопье Северная Македония
56%
Антананариву Мадагаскар
56%
Ханой Вьетнам
56%
Шри-Джаява́рденепура-Ко́тте Шри-Ланка
55%
Бисау Гвинея-Бисау
51%
Валлетта Мальта
51%
Никосия Кипр
50%
Приштина Косово
50%
Лима Перу
50%
Тайбэй Китайская Республика (Тайвань)
50%
Гавана Куба
49%
Вадуц Лихтенштейн
49%
Веллингтон Новая Зеландия
49%
Доха Катар
49%
Каракас Венесуэла
49%
Монтевидео Уругвай
48%
Триполи Ливия
47%
Аддис-Абеба Эфиопия
46%
Куала-Лумпур Малайзия
46%
Манила Филиппины
46%
Сан-Томе Сан-Томе и Принсипи
45%
Катманду Непал
44%
Бейрут Ливан
43%
Богота Колумбия
42%
Рабат Марокко
42%
Найроби Кения
39%
Пномпень Камбоджа
38%
Кито Эквадор
36%
Вьентьян Лаос
36%
Претория Южно-Африканская Республика
36%
Дакка Бангладеш
35%
Амман Иордания
35%
Манагуа Никарагуа
34%
Маскат Оман
34%
Асунсьон Парагвай
34%
Мале Мальдивы
33%
Кингстон Ямайка
32%
Санто-Доминго Доминиканская Республика
31%
Абуджа Нигерия
31%
Могадишо Сомали
31%
Сана Йемен
30%
Тхимпху Бутан
29%
Сан-Хосе Коста-Рика
29%
Браззавиль Республика Конго
28%
Тегусигальпа Гондурас
28%
Бандар-Сери-Бегаван Бруней
27%
Дакар Сенегал
27%
Хартум Судан
27%
Додома Танзания
27%
Нейпьидо Мьянма
26%
Сукре Боливия
25%
Дили Восточный Тимор
25%
Луанда Ангола
24%
Манама Бахрейн
24%
Бельмопан Белиз
24%
Аккра Гана
24%
Нассау Багамские острова
23%
Нджамена Чад
23%
Киншаса Демократическая Республика Конго
23%
Порт-о-Пренс Гаити
23%
Виктория Сейшельские острова
23%
Парамарибо Суринам
23%
Хараре Зимбабве
23%
Уагадугу Буркина-Фасо
22%
Джорджтаун Гайана
22%
Ниамей Нигер
22%
Порт-Морсби Папуа Новая Гвинея
22%
Фунафути Тувалу
22%
Яунде Камерун
21%
Розо Доминика
21%
Монровия Либерия
21%
Нуакшот Мавритания
21%
Габороне Ботсвана
20%
Ямусукро Кот-д’Ивуар
20%
Асмэра Эритрея
20%
Паликир Федеративные Штаты Микронезии
20%
Мапуту Мозамбик
20%
Виндхук Намибия
20%
Джуба Южный Судан
20%
Порт-оф-Спейн Тринидад и Тобаго
20%
Лусака Замбия
20%
Сува Фиджи
19%
Южная Тарава Кирибати
19%
Кигали Руанда
19%
Ломе Того
19%
Гитега Бурунди
18%
Прая Кабо-Верде
18%
Масеру Лесото
18%
Апиа Самоа
18%
Фритаун Сьерра-Леоне
18%
Мбабане Эсватини
18%
Кампала Уганда
18%
Бриджтаун Барбадос
17%
Банги Центральноафриканская республика
17%
Лилонгве Малави
17%
Порт-Луи Маврикий
17%
Ярен Науру
17%
Хониара Соломоновы острова
17%
Сент-Джонс Антигуа и Барбуда
16%
Либревиль Габон
16%
Бамако Мали
16%
Нгерулмуд Палау
16%
Порт-Вила Вануату
16%
Порто-Ново Бенин
15%
Морони Коморы
15%
Банжул Гамбия
15%
Сент-Джорджес Гренада
14%
Конакри Гвинея
14%
Бастер Сент-Китс и Невис
14%
Кингстаун Сент-Винсент и Гренадины
14%
Нукуалофа Тонга
14%
Малабо Экваториальная Гвинея
13%
Кастри Сент-Люсия
13%
Маджуро Маршалловы острова
12%
No matching quizzes found
Score Distribution
Percent of People with Each Score
Percentile by Number Answered
Your Score History
You have not taken this quiz